[Event "ICS rated blitz match"]
[Site "204.178.125.65"]
[Date "2000.10.07"]
[Round "?"]
[White "Sandbagger187"]
[Black "Hossa"]
[Result "0-1"]
[WhiteElo "2247"]
[BlackElo "2543"]
[PlyCount "29"]
[EventDate "2000.??.??"]

1. e4 e5 2. Nc3 Nf6 3. f4 d5 4. fxe5 Nxe4 5. d3 Nxc3 6. bxc3 c5 7. Nf3 Nc6 8.
Be2 Be7 9. O-O O-O 10. Qe1 f6 11. Bf4 fxe5 12. Nxe5 Rxf4 13. Rxf4 Nxe5 14. Qg3
Ng6 15. Rf2 {Sandbagger187 resigns} 0-1

[Event "ICS rated blitz match"]
[Site "204.178.125.65"]
[Date "2000.10.07"]
[Round "?"]
[White "Hossa"]
[Black "Sandbagger187"]
[Result "1-0"]
[WhiteElo "2548"]
[BlackElo "2242"]
[PlyCount "63"]
[EventDate "2000.??.??"]

1. c4 Nf6 2. Nc3 g6 3. g3 Bg7 4. Nf3 O-O 5. Bg2 c5 6. d4 Nc6 7. d5 Na5 8. Qd3
d6 9. O-O e5 10. Ng5 h6 11. Nge4 Ne8 12. Nd2 f5 13. a3 b6 14. b4 Nb7 15. Re1 e4
16. Qc2 g5 17. Bb2 a5 18. bxa5 Nxa5 19. Nb5 Ba6 20. Bxg7 Nxg7 21. a4 Bxb5 22.
axb5 Qf6 23. Ra3 Nb7 24. Ra6 Qd8 25. g4 e3 26. fxe3 Rxa6 27. bxa6 Na5 28. Rf1
Qe7 29. gxf5 Qxe3+ 30. Kh1 Qxe2 31. f6 Ne8 32. Qg6+ {Sandbagger187 resigns} 1-0

[Event "ICS rated blitz match"]
[Site "204.178.125.65"]
[Date "2000.10.07"]
[Round "?"]
[White "QueenMaxima"]
[Black "Hossa"]
[Result "1/2-1/2"]
[WhiteElo "2521"]
[BlackElo "2553"]
[PlyCount "377"]
[EventDate "2000.??.??"]

1. d4 d5 2. c4 c6 3. Nf3 Nf6 4. e3 Bf5 5. Bd3 Bxd3 6. Qxd3 e6 7. O-O Nbd7 8.
Nc3 Be7 9. Rd1 dxc4 10. Qxc4 Nb6 11. Qd3 O-O 12. e4 Qc7 13. e5 Nfd5 14. Ng5
Bxg5 15. Bxg5 f6 16. exf6 Nxf6 17. Re1 Qf7 18. Qh3 Rae8 19. Rac1 h6 20. Bh4
Nfd5 21. Ne4 Qh5 22. Nd6 Nf4 23. Qg3 g5 24. Nxb7 Re7 25. Bxg5 Qxg5 26. Qxg5+
hxg5 27. Nc5 Nbd5 28. a3 Nb6 29. Rc3 Rf5 30. Ne4 Rc7 31. Rg3 Rg7 32. Rc3 Na4
33. Rxc6 Nxb2 34. Rb1 Nbd3 35. Rb8+ Kh7 36. Rc4 g4 37. Rb1 Rd7 38. Kf1 Kh6 39.
Rb8 Kg7 40. Rb3 Ne5 41. Ra4 Neg6 42. Rb8 Rc7 43. Rb1 Rb5 44. Rab4 Rxb4 45. axb4
Rc4 46. g3 Nd5 47. Ra1 Rxb4 48. Rxa7+ Nge7 49. Nc5 Kf6 50. Ra6 Nc7 51. Ne4+ Kf5
52. Nd6+ Kg5 53. Ra7 Ncd5 54. Kg2 Rxd4 55. h3 gxh3+ 56. Kxh3 Nc6 57. Rg7+ Kh6
58. Rg4 Rxg4 59. Kxg4 Nd4 60. Nf7+ Kg6 61. Ng5 Kf6 62. Nxe6 Kxe6 63. f3 Nf6+
64. Kh4 Nxf3+ 65. Kh3 Kf5 66. g4+ Kg5 67. Kg3 Nd4 68. Kh3 Nd5 69. Kg3 Ne3 70.
Kh3 Nd1 71. Kg3 Nb2 72. Kh3 Nd3 73. Kg3 Nc5 74. Kh3 Ne4 75. Kh2 Nb3 76. Kh3
Nbd2 77. Kh2 Nc4 78. Kh3 Ne3 79. Kh2 Nc2 80. Kh3 Ne1 81. Kh2 Nf3+ 82. Kh3 Nc3
83. Kg3 Nd4 84. Kh3 Nce2 85. Kh2 Nf4 86. Kh1 Nde2 87. Kh2 Kh6 88. g5+ Kg6 89.
Kh1 Kg7 90. g6 Ng3+ 91. Kh2 Ne4 92. Kh1 Nf2+ 93. Kh2 N4d3 94. Kg2 Ng4 95. Kg3
Nf6 96. Kh3 Ne5 97. Kh4 Ne4 98. Kh5 Nd2 99. Kg5 Ndc4 100. Kh5 Ne3 101. Kg5 Nd3
102. Kh5 Nc5 103. Kg5 Ne6+ 104. Kh5 Nc4 105. Kh4 Ne5 106. Kh5 Nf4+ 107. Kg5 Nd5
108. Kh5 Nf3 109. Kg4 Nd4 110. Kh4 Nf4 111. Kg4 Nd3 112. Kh4 Nf5+ 113. Kh5 Nf2
114. Kg5 Nd4 115. Kh5 Ne6 116. Kh4 Nd3 117. Kh5 Nef4+ 118. Kg5 Nd5 119. Kh5 Ne7
120. Kg5 Nc8 121. Kh5 Nd6 122. Kg5 Nb5 123. Kh5 Nf2 124. Kg5 Ne4+ 125. Kh5 Nbd6
126. Kh4 Nc5 127. Kh5 Nde4 128. Kh4 Nd3 129. Kh5 Ne5 130. Kh4 Kf8 131. g7+ Kg8
132. Kh5 Nd6 133. Kh6 Nf5+ 134. Kh5 Nf3 135. Kg6 Nd6 136. Kh6 Nf7+ 137. Kg6
N3e5+ 138. Kf6 Nd7+ 139. Kg6 Nd6 140. Kh6 Ne5 141. Kh5 Ne4 142. Kh6 Ng4+ 143.
Kg6 Ne3 144. Kh6 Nd6 145. Kg6 Ne8 146. Kh6 Nf5+ 147. Kg6 Nd4 148. Kh6 Ne2 149.
Kg6 Nd6 150. Kh6 Nf5+ 151. Kg6 Ne7+ 152. Kh6 Nc3 153. Kh5 Ne4 154. Kh6 Nd6 155.
Kh5 Ne8 156. Kh6 Nc7 157. Kh5 Ne6 158. Kh6 Nd5 159. Kg6 Nd8 160. Kh6 Nf7+ 161.
Kg6 Nd6 162. Kh6 Nf5+ 163. Kg6 Nfe3 164. Kh6 Nf6 165. Kg6 Ned5 166. Kh6 Ne7
167. Kg5 Nfd5 168. Kh5 Nc3 169. Kh6 Ne4 170. Kh5 Nc6 171. Kh6 Na5 172. Kg6 Nc4
173. Kh6 Na3 174. Kg6 Nc3 175. Kh6 Nc4 176. Kg6 Nd5 177. Kh6 Ne7 178. Kh5 Nf5
179. Kg5 Nxg7 180. Kg6 Ne6 181. Kh6 Nd4 182. Kg6 Kf8 183. Kh6 Ke7 184. Kh7 Kf6
185. Kh8 Ne3 186. Kg8 Nc4 187. Kh8 Ne3 188. Kg8 Nc4 189. Kh8 {
Game drawn by repetition} 1/2-1/2

[Event "ICS rated blitz match"]
[Site "204.178.125.65"]
[Date "2000.10.07"]
[Round "?"]
[White "Hossa"]
[Black "Varguz"]
[Result "0-1"]
[WhiteElo "2552"]
[BlackElo "2736"]
[PlyCount "116"]
[EventDate "2000.??.??"]

1. c4 Nf6 2. Nc3 e5 3. Nf3 Nc6 4. d3 Bb4 5. a3 Bxc3+ 6. bxc3 O-O 7. e4 d6 8.
Be2 Na5 9. O-O c5 10. Bg5 h6 11. Be3 Bd7 12. Nd2 Nc6 13. f4 b6 14. fxe5 dxe5
15. Rf2 Be6 16. Qf1 Ng4 17. Bxg4 Bxg4 18. Re1 Qc8 19. a4 Qd7 20. h3 Bh5 21. Nb3
Rfd8 22. Rd2 Qc7 23. Qf2 Rac8 24. Bxh6 gxh6 25. Qh4 Bg6 26. Qxh6 Qe7 27. Rf1
Rd6 28. Rf3 Bxe4 29. Rg3+ Rg6 30. Rxg6+ Bxg6 31. Rf2 Bxd3 32. Nc1 Bg6 33. Nb3
e4 34. Nc1 Na5 35. Na2 Nxc4 36. Re2 Qd7 37. Rf2 e3 38. Rf6 Qd1+ 39. Kh2 Qc2 40.
Nc1 Re8 41. Rf1 Nd2 42. Rf6 e2 43. Nxe2 Rxe2 44. Qf4 Ne4 45. Rxg6+ fxg6 46.
Qb8+ Kf7 47. Qc7+ Ke6 48. Qc8+ Kf6 49. Qd8+ Kf5 50. Qd7+ Kf4 51. Qg4+ Ke3 52.
Qxg6 Qxc3 53. Qh6+ Kd3 54. Qf4 Rf2 55. Qc7 Ke2 56. Kg1 Qa1+ 57. Kh2 Rf1 58.
Qxa7 Rh1# {Hossa checkmated} 0-1

[Event "ICS rated blitz match"]
[Site "204.178.125.65"]
[Date "2000.10.08"]
[Round "?"]
[White "Varguz"]
[Black "Hossa"]
[Result "1-0"]
[WhiteElo "2744"]
[BlackElo "2544"]
[PlyCount "79"]
[EventDate "2000.??.??"]

1. d4 Nf6 2. c4 g6 3. Nc3 Bg7 4. e4 d6 5. Nf3 O-O 6. Be2 e5 7. d5 Na6 8. O-O
Qe7 9. Bg5 Bd7 10. Qd2 Nc5 11. b4 Na4 12. Nxa4 Bxa4 13. Rac1 a5 14. b5 h6 15.
Bxf6 Bxf6 16. Rc3 Bg5 17. Qd3 f5 18. Ra3 Bxb5 19. cxb5 Bf4 20. Rc3 fxe4 21.
Qxe4 Qg7 22. Qc2 Rf7 23. Bd3 g5 24. g3 g4 25. Bg6 Rd7 26. Bf5 Rf7 27. Be6 c5
28. bxc6 bxc6 29. Nh4 Bg5 30. Nf5 Qf8 31. dxc6 Rd8 32. c7 Kh8 33. Bxf7 Rc8 34.
Be6 Re8 35. c8=Q Rxc8 36. Rxc8 Bd8 37. Qc7 Bxc7 38. Rxf8+ Kh7 39. Rf6 e4 40.
Rxh6# {Hossa checkmated} 1-0

[Event "ICS rated standard match"]
[Site "204.178.125.65"]
[Date "2000.10.08"]
[Round "?"]
[White "Hossa"]
[Black "Athlon900"]
[Result "0-1"]
[WhiteElo "2410"]
[BlackElo "2617"]
[PlyCount "80"]
[EventDate "2000.??.??"]

1. d4 d5 2. c4 Nf6 3. Nc3 dxc4 4. e4 e5 5. Nf3 exd4 6. Nxd4 Bc5 7. Be3 O-O 8.
f3 Qe7 9. Bxc4 Rd8 10. Qd3 Bxd4 11. Bxd4 Nc6 12. Bxf6 Qxf6 13. Qe2 Qh4+ 14. Kf1
Ne5 15. Bb3 c6 16. Rd1 Be6 17. Bxe6 fxe6 18. Qe3 Nc4 19. Qe2 Rxd1+ 20. Nxd1 Rd8
21. g3 Qh5 22. Ke1 Ne5 23. Kf2 Nxf3 24. Ke3 Rf8 25. Qd3 Ne5 26. Qd4 c5 27. Qc3
Qf3+ 28. Kd2 Rd8+ 29. Kc2 Qxe4+ 30. Kb3 Qxh1 31. Nf2 Qd5+ 32. Kc2 Ng4 33. a3
Nxf2 34. Kb1 Nd3 35. Qc2 Rf8 36. Qc3 Rf1+ 37. Kc2 Nb4+ 38. Qxb4 cxb4 39. axb4
Rd1 40. h4 Qd3# {Hossa checkmated} 0-1

[Event "ICS rated standard match"]
[Site "204.178.125.65"]
[Date "2000.10.08"]
[Round "?"]
[White "QueenMaxima"]
[Black "Hossa"]
[Result "0-1"]
[WhiteElo "2229"]
[BlackElo "2404"]
[PlyCount "112"]
[EventDate "2000.??.??"]

1. d4 Nf6 2. Bf4 g6 3. Nf3 Bg7 4. e3 O-O 5. Nbd2 d6 6. h3 c5 7. Bc4 d5 8. Bd3
c4 9. Be2 Qb6 10. Qc1 Nc6 11. c3 Bf5 12. b3 cxb3 13. axb3 Rac8 14. Nh4 Bd7 15.
O-O Ne4 16. c4 Na5 17. c5 Nxc5 18. dxc5 Rxc5 19. Qa3 Bxa1 20. Rxa1 Rc2 21. Qxa5
Qxa5 22. Rxa5 Rxd2 23. Bf3 e5 24. Bxe5 g5 25. Rxd5 Rxd5 26. Bxd5 gxh4 27. Bxb7
Re8 28. Bd4 a5 29. Bc3 Rb8 30. Be4 Rb5 31. Bd2 Rc5 32. f3 f5 33. Bd3 Bb5 34.
Bf1 Rd5 35. e4 Rxd2 36. Bxb5 fxe4 37. fxe4 Kf8 38. Bc4 Ke7 39. Bd5 Kd6 40. Kh2
Ke5 41. Bc6 Rb2 42. Bd5 Kf4 43. Bg8 Kxe4 44. Bf7 Rb1 45. Bg8 Kd4 46. Be6 Kc3
47. Bd5 Kb4 48. Be4 Rxb3 49. Bc6 a4 50. Bxa4 Kxa4 51. Kg1 Kb4 52. Kf2 Kc4 53.
Kf1 Rb2 54. g4 hxg3 55. Ke1 g2 56. h4 g1=Q# {QueenMaxima checkmated} 0-1

[Event "ICS rated blitz match"]
[Site "204.178.125.65"]
[Date "2000.10.08"]
[Round "?"]
[White "Hossa"]
[Black "IndianKing"]
[Result "1-0"]
[WhiteElo "2536"]
[BlackElo "2353"]
[PlyCount "113"]
[EventDate "2000.??.??"]

1. e4 d6 2. d4 g6 3. Nc3 c6 4. Nf3 Nd7 5. Bd3 Bg7 6. O-O e5 7. Bg5 Ngf6 8. dxe5
dxe5 9. a3 O-O 10. Qc1 b5 11. Rd1 Qc7 12. Bf1 a6 13. Qd2 Bb7 14. Qd6 Qxd6 15.
Rxd6 h6 16. Nxe5 hxg5 17. Nxd7 Nxd7 18. Rxd7 Rab8 19. f3 Ba8 20. Rad1 c5 21. g4
b4 22. Nd5 Bxb2 23. axb4 cxb4 24. Bxa6 Bxd5 25. exd5 Ra8 26. Bd3 Rfd8 27. Rxd8+
Rxd8 28. Bf1 Be5 29. Kg2 Kf8 30. Bb5 Ke7 31. Bc6 Kd6 32. h3 Rb8 33. Rf1 b3 34.
cxb3 Rxb3 35. Kg1 Rb2 36. Be8 f6 37. Rd1 Kc5 38. Bf7 Rb7 39. Rc1+ Kd4 40. Bxg6
Rb2 41. Rd1+ Kc5 42. Be4 Bd6 43. Rc1+ Kd4 44. Rc8 Ke5 45. Rc6 Rd2 46. Rc3 Kf4
47. Kf1 Ke5 48. Rc8 Rh2 49. Rd8 Rb2 50. Rh8 Ra2 51. h4 gxh4 52. Rxh4 Kf4 53.
Rh7 Ra6 54. Ke2 Rb6 55. Rh5 Rb2+ 56. Kd3 Rb6 57. Rf5+ {IndianKing resigns} 1-0

[Event "ICS rated blitz match"]
[Site "204.178.125.65"]
[Date "2000.10.08"]
[Round "?"]
[White "PabloZelig"]
[Black "Hossa"]
[Result "0-1"]
[WhiteElo "2037"]
[BlackElo "2544"]
[PlyCount "75"]
[EventDate "2000.??.??"]

1. d4 Nf6 2. c4 g6 3. Nc3 Bg7 4. e4 O-O 5. Bd3 d6 6. Nge2 e5 7. d5 Na6 8. O-O
Bd7 9. h3 Nb4 10. Bb1 Bc8 11. Be3 c6 12. a3 Na6 13. b4 cxd5 14. cxd5 Nc7 15.
Bd3 Nh5 16. Rc1 f5 17. f3 Bd7 18. Bc2 fxe4 19. Nxe4 Qe7 20. Ba4 Bxa4 21. Qxa4
Nf6 22. Bg5 Ncxd5 23. Qb3 Qf7 24. Nxd6 Qd7 25. Bxf6 Qxd6 26. Bxg7 Kxg7 27. Rfd1
Qb6+ 28. Kh1 Nf6 29. Nc3 Qe3 30. Qb2 Kg8 31. Nb5 e4 32. Re1 Qb6 33. Nc7 Rac8
34. Qe5 exf3 35. gxf3 Qf2 36. Qe2 Qxe2 37. Rxe2 Nh5 38. Ne6 {PabloZelig resigns
} 0-1

[Event "ICS rated blitz match"]
[Site "204.178.125.65"]
[Date "2000.10.08"]
[Round "?"]
[White "Hossa"]
[Black "RebelTiger"]
[Result "0-1"]
[WhiteElo "2546"]
[BlackElo "2792"]
[PlyCount "150"]
[EventDate "2000.??.??"]

1. e4 c6 2. d4 d5 3. Nc3 dxe4 4. Nxe4 Bf5 5. Ng3 Bg6 6. h4 h6 7. Nf3 Nf6 8. Ne5
Bh7 9. Bc4 e6 10. Bf4 Nbd7 11. Bb3 Nd5 12. Bd2 Bd6 13. Nc4 Bxg3 14. fxg3 Qc7
15. Qf3 N7f6 16. O-O-O Be4 17. Qf2 O-O-O 18. Kb1 Bf5 19. Bf4 Nxf4 20. gxf4 Kb8
21. Ne3 Bh7 22. Rhe1 c5 23. d5 b5 24. dxe6 c4 25. Bxc4 bxc4 26. exf7 Qxf7 27.
Qf1 c3 28. Qb5+ Qb7 29. Qe5+ Qc7 30. Rxd8+ Rxd8 31. bxc3 Ne4 32. Qxc7+ Kxc7 33.
c4 Kc6 34. Kb2 Rd4 35. Ng4 Kc5 36. Ne5 Nd6 37. Nd7+ Kxc4 38. g3 Rd2 39. Ne5+
Kb4 40. a3+ Ka4 41. Rc1 Nb5 42. g4 Be4 43. Nc4 Rf2 44. f5 Re2 45. Ne5 Nxa3 46.
Kc3 Bxc2 47. Nc6 Bb1 48. Nxa7 Re4 49. g5 Rxh4 50. gxh6 gxh6 51. f6 Rf4 52. Rh1
Rxf6 53. Rh4+ Ka5 54. Kb2 Kb6 55. Nc8+ Kb7 56. Ne7 Rf3 57. Ra4 Nb5 58. Rh4 Bd3
59. Rxh6 Be4 60. Rh5 Nd6 61. Rc5 Rg3 62. Ka2 Rh3 63. Re5 Bc2 64. Re2 Bb3+ 65.
Kb1 Nc4 66. Re1 Rh2 67. Ng6 Rb2+ 68. Ka1 Rc2 69. Re7+ Ka6 70. Re6+ Ka5 71. Re5+
Kb4 72. Re1 Nd2 73. Re4+ Ka3 74. Ra4+ Bxa4 75. Ne5 Ra2# {Hossa checkmated} 0-1

[Event "ICS rated standard match"]
[Site "204.178.125.65"]
[Date "2000.10.08"]
[Round "?"]
[White "Hossa"]
[Black "Mefisto5000"]
[Result "1-0"]
[WhiteElo "2413"]
[BlackElo "2020"]
[PlyCount "41"]
[EventDate "2000.??.??"]

1. e4 e6 2. d4 d5 3. Nc3 Nf6 4. Bd3 c6 5. e5 Nfd7 6. Nf3 Be7 7. O-O b6 8. Be3
Ba6 9. Bxa6 Nxa6 10. Bf4 Nc7 11. a4 a6 12. Qd2 c5 13. a5 b5 14. dxc5 Nxc5 15.
Be3 Rc8 16. Qd4 Na8 17. Qg4 Kf8 18. Bg5 Nb7 19. Bxe7+ Qxe7 20. Nxd5 Qc5 21. Nb4
{Mefisto5000 resigns} 1-0

[Event "ICS rated standard match"]
[Site "204.178.125.65"]
[Date "2000.10.08"]
[Round "?"]
[White "Mefisto5000"]
[Black "Hossa"]
[Result "0-1"]
[WhiteElo "2017"]
[BlackElo "2416"]
[PlyCount "34"]
[EventDate "2000.??.??"]

1. d4 d5 2. c4 e6 3. Nc3 c5 4. cxd5 exd5 5. Nf3 Nc6 6. e3 Nf6 7. Be2 Be7 8. O-O
O-O 9. a3 c4 10. b3 cxb3 11. Qxb3 Na5 12. Qa2 Be6 13. Ng5 Rc8 14. Nxe6 fxe6 15.
Bd2 Nc4 16. a4 Nxd2 17. Qxd2 Bb4 {Mefisto5000 resigns} 0-1

[Event "ICS Rated standard match"]
[Site "204.178.125.65"]
[Date "2000.10.08"]
[Round "?"]
[White "Hossa"]
[Black "BrazilianMaster"]
[Result "1/2-1/2"]
[WhiteElo "2419"]
[BlackElo "2664"]
[PlyCount "39"]
[EventDate "2000.??.??"]

1. c4 e5 2. Nc3 Nf6 3. g3 d5 4. cxd5 Nxd5 5. Bg2 Nb6 6. d3 Nc6 7. Nf3 Be7 8.
O-O O-O 9. Be3 f5 10. Qb3+ Kh8 11. Nb5 f4 12. gxf4 exf4 13. Bxb6 axb6 14. Qc4
Bd7 15. a4 Bf6 16. Rab1 g5 17. Nd2 Re8 18. Rfe1 Be5 19. d4 Ra5 20. dxe5 {
Game drawn by mutual agreement} 1/2-1/2

[Event "ICS rated standard match"]
[Site "204.178.125.65"]
[Date "2000.10.08"]
[Round "?"]
[White "nitmo"]
[Black "Hossa"]
[Result "0-1"]
[WhiteElo "2013"]
[BlackElo "2429"]
[PlyCount "65"]
[EventDate "2000.??.??"]

1. e4 e6 2. d4 d5 3. e5 c5 4. c3 Nc6 5. Nf3 Qb6 6. Bd3 cxd4 7. cxd4 Bd7 8. O-O
Nxd4 9. Nxd4 Qxd4 10. Nc3 a6 11. Qe2 Ne7 12. Kh1 Nc6 13. f4 Nb4 14. Rf3 Nxd3
15. Rxd3 Qa7 16. Be3 b6 17. f5 Bc5 18. fxe6 fxe6 19. Bxc5 bxc5 20. Qh5+ g6 21.
Qh6 O-O-O 22. Rf1 Qb8 23. Nxd5 exd5 24. Rxd5 Qxb2 25. Rxc5+ Kb8 26. e6 Qd4 27.
Rb1+ Ka8 28. Ra5 Bb5 29. h3 Bd3 30. e7 Bxb1 31. exd8=Q+ Rxd8 32. Qxh7 Qc4 33.
Rg5 {nitmo resigns} 0-1

[Event "ICS rated blitz match"]
[Site "204.178.125.65"]
[Date "2000.10.08"]
[Round "?"]
[White "kako"]
[Black "Hossa"]
[Result "0-1"]
[WhiteElo "2021"]
[BlackElo "2566"]
[PlyCount "35"]
[EventDate "2000.??.??"]

1. e4 e6 2. d4 d6 3. Nc3 d5 4. e5 c5 5. Nf3 cxd4 6. Nxd4 Nd7 7. f4 Bc5 8. Be3
Qe7 9. Bd3 Nh6 10. Nce2 Ng4 11. Bg1 Qh4+ 12. g3 Qh3 13. Nc3 Nxh2 14. Bf2 Bxd4
15. Bxd4 Qxg3+ 16. Bf2 Qxf4 17. Qe2 Ng4 18. Nb5 {kako resigns} 0-1

[Event "ICS rated blitz match"]
[Site "204.178.125.65"]
[Date "2000.10.08"]
[Round "?"]
[White "Hossa"]
[Black "brutus"]
[Result "1-0"]
[WhiteElo "2571"]
[BlackElo "2173"]
[PlyCount "66"]
[EventDate "2000.??.??"]

1. e4 e6 2. d4 d5 3. Nc3 Nf6 4. Bd3 Bb4 5. e5 Nfd7 6. Qg4 Kf8 7. Bg5 Be7 8.
Bxe7+ Qxe7 9. Nf3 a6 10. Qh5 h6 11. O-O-O c5 12. dxc5 Nc6 13. Na4 Nxc5 14. Nxc5
Qxc5 15. Rhf1 b5 16. Kb1 a5 17. g4 Rg8 18. g5 hxg5 19. Qxg5 b4 20. h4 Ba6 21.
Bxa6 Rxa6 22. Rd2 a4 23. Qh5 Na5 24. Ng5 Ra7 25. Qxf7+ Rxf7 26. Nxe6+ Ke7 27.
Nxc5 Rh8 28. Rxd5 Rxh4 29. Rfd1 Rxf2 30. Rd8 Kf7 31. Ra8 Nc4 32. e6+ Kg6 33. e7
Rg2 {brutus resigns} 1-0

[Event "ICS rated standard match"]
[Site "204.178.125.65"]
[Date "2000.10.08"]
[Round "?"]
[White "Hossa"]
[Black "Bootemout"]
[Result "1-0"]
[WhiteElo "2432"]
[BlackElo "2037"]
[PlyCount "61"]
[EventDate "2000.??.??"]

1. e4 c6 2. d4 d6 3. Nf3 Bg4 4. Bf4 Qc7 5. h3 Bxf3 6. Qxf3 Nd7 7. Nc3 e5 8. Be3
Ngf6 9. O-O-O Be7 10. g4 g6 11. Bc4 O-O 12. Bh6 exd4 13. Rxd4 Ne5 14. Qe2 Rfd8
15. Bb3 c5 16. Rdd1 c4 17. Ba4 a5 18. g5 Nh5 19. Nd5 Nf4 20. Nxf4 Bf8 21. Nd5
Qc5 22. Nf6+ Kh8 23. Bxf8 Rxf8 24. Kb1 Qb4 25. f4 Nc6 26. Bxc6 bxc6 27. c3 Qb5
28. Rxd6 a4 29. h4 a3 30. h5 axb2 31. hxg6 {Bootemout resigns} 1-0

[Event "ICS Rated standard match"]
[Site "204.178.125.65"]
[Date "2000.10.08"]
[Round "?"]
[White "adiamant"]
[Black "Hossa"]
[Result "0-1"]
[WhiteElo "2070"]
[BlackElo "2435"]
[PlyCount "66"]
[EventDate "2000.??.??"]

1. d4 Nf6 2. Nf3 c5 3. d5 g6 4. c4 Bg7 5. Nc3 d6 6. e4 Na6 7. h3 O-O 8. Be2 e6
9. O-O Re8 10. Bg5 h6 11. Bh4 exd5 12. exd5 Bf5 13. a3 Qb6 14. Qd2 Ne4 15. Nxe4
Bxe4 16. Bd3 Bxf3 17. gxf3 Qxb2 18. Qxb2 Bxb2 19. Rab1 Bxa3 20. Rxb7 Nb4 21.
Bb1 Bb2 22. Kh1 a5 23. Rg1 Kf8 24. Bxg6 fxg6 25. Rxg6 Nd3 26. Bf6 Rab8 27. Ra7
Re2 28. Bxb2 Rbxb2 29. Rf6+ Ke8 30. Ra8+ Ke7 31. Rff8 Nxf2+ 32. Kg2 Ne4+ 33.
Kf1 Rf2+ {adiamant resigns} 0-1

[Event "ICS rated standard match"]
[Site "204.178.125.65"]
[Date "2000.10.08"]
[Round "?"]
[White "VW"]
[Black "Hossa"]
[Result "1-0"]
[WhiteElo "2493"]
[BlackElo "2438"]
[PlyCount "69"]
[EventDate "2000.??.??"]

1. e4 e5 2. Bc4 Nf6 3. Nc3 Nc6 4. d3 Na5 5. Nge2 Nxc4 6. dxc4 Bc5 7. O-O O-O 8.
Bg5 Be7 9. Qd3 d6 10. Rad1 Be6 11. f4 c6 12. f5 Qb6+ 13. Kh1 Bd7 14. Ng3 Qb4
15. Nh5 Rad8 16. Bxf6 Bxf6 17. Nxf6+ gxf6 18. Qg3+ Kh8 19. Qh4 Kg7 20. Rf3 Rfe8
21. Rg3+ Kf8 22. Qxf6 Bxf5 23. exf5 d5 24. Rg7 Re7 25. Rxh7 Ke8 26. Rh8+ Kd7
27. cxd5 Kc7 28. Rxd8 Kb6 29. dxc6 Ka5 30. cxb7 Re6 31. b8=Q Qxb8 32. Rxb8 Rxf6
33. Rd5+ Ka6 34. b4 Rxf5 35. Rd6# {Hossa checkmated} 1-0

[Event "ICS rated standard match"]
[Site "204.178.125.65"]
[Date "2000.10.08"]
[Round "?"]
[White "Hossa"]
[Black "VW"]
[Result "0-1"]
[WhiteElo "2425"]
[BlackElo "2506"]
[PlyCount "170"]
[EventDate "2000.??.??"]

1. e4 c5 2. Nf3 Nc6 3. d4 cxd4 4. Nxd4 Nf6 5. Nc3 d6 6. Bg5 e6 7. Qd2 Be7 8.
O-O-O O-O 9. f4 Nxd4 10. Qxd4 Qa5 11. Bc4 Bd7 12. e5 dxe5 13. fxe5 Bc6 14. Bd2
Nd7 15. Nd5 Qd8 16. Nxe7+ Qxe7 17. Rhe1 Rfd8 18. Qg4 Nf8 19. Bd3 Rxd3 20. cxd3
Qd7 21. Bb4 Ng6 22. Kb1 Qd5 23. Bd6 f5 24. Qc4 Qxc4 25. dxc4 Be4+ 26. Rxe4 fxe4
27. g3 Rd8 28. Re1 Rd7 29. Rxe4 Rf7 30. Re2 h5 31. Kc2 h4 32. Kd3 hxg3 33. hxg3
Rf3+ 34. Re3 Rf2 35. Kc3 Kf7 36. a4 Ne7 37. Rd3 Rg2 38. Bxe7 Kxe7 39. b3 b6 40.
Re3 a5 41. c5 bxc5 42. Kc4 Rd2 43. Kxc5 Kd7 44. Re4 Rd5+ 45. Kc4 Kc6 46. b4
axb4 47. Kxb4 Kb6 48. Kc4 g5 49. Kb4 Rc5 50. Kb3 Ka5 51. Kb2 Ka6 52. Ka3 Ka5
53. Kb3 Ka6 54. Re1 Ka5 55. g4 Rc7 56. Re4 Rc5 57. Re2 Rc1 58. Rc2 Rxc2 59.
Kxc2 Kxa4 60. Kc3 Kb5 61. Kd4 Kb4 62. Ke3 Kc3 63. Ke4 Kc4 64. Ke3 Kd5 65. Kf2
Kxe5 66. Ke3 Kd5 67. Kf3 Kd4 68. Ke2 Ke4 69. Kf2 Kf4 70. Ke2 Kxg4 71. Ke3 Kf5
72. Kf3 g4+ 73. Kg3 e5 74. Kg2 Kf4 75. Kf2 g3+ 76. Ke2 e4 77. Ke1 e3 78. Kf1
Kf3 79. Ke1 g2 80. Kd1 e2+ 81. Kd2 g1=Q 82. Kc3 e1=Q+ 83. Kc4 Qe4+ 84. Kb5
Qgb1+ 85. Kc5 Qbb4# {Hossa checkmated} 0-1

[Event "ICS rated standard match"]
[Site "204.178.125.65"]
[Date "2000.10.08"]
[Round "?"]
[White "Interceptor"]
[Black "Hossa"]
[Result "1/2-1/2"]
[WhiteElo "2506"]
[BlackElo "2413"]
[PlyCount "366"]
[EventDate "2000.??.??"]

1. d4 Nf6 2. c4 g6 3. Nf3 Bg7 4. Nc3 d6 5. g3 O-O 6. Bg2 Nbd7 7. O-O c5 8. b3
cxd4 9. Nxd4 Re8 10. Bb2 Nc5 11. b4 Ncd7 12. Qb3 Ng4 13. Rad1 a5 14. a3 axb4
15. axb4 Nge5 16. f3 Nb6 17. c5 dxc5 18. bxc5 Nbc4 19. Bc1 Qc7 20. f4 Na5 21.
Qd5 Nec6 22. Ncb5 Qb8 23. Bb2 Bg4 24. Bc3 Nxd4 25. Nxd4 Qc8 26. Bxa5 Rxa5 27.
Nb3 Be6 28. Qd3 Bxb3 29. Qxb3 Qxc5+ 30. Kh1 b6 31. Rb1 Rb8 32. Rfc1 Qd4 33. e3
Qd2 34. Rc2 Qd7 35. Kg1 Qa7 36. Rbc1 Ra1 37. g4 b5 38. Rxa1 Qxa1+ 39. Kf2 Qf6
40. g5 Qd6 41. Bd5 e6 42. Bf3 e5 43. Kg3 exf4+ 44. exf4 Qe7 45. Re2 Qc5 46. Bd5
Qg1+ 47. Kh4 Qa7 48. h3 Qd7 49. Kg3 Rc8 50. Re3 b4 51. Bc4 Bc3 52. Rf3 Qe7 53.
Kg2 Bd4 54. Qd3 Qc5 55. Bb3 Rd8 56. Qd2 Re8 57. Qa2 Qe7 58. Bc4 Rd8 59. Bb3 Bc3
60. Bd5 Qd7 61. Rd3 Re8 62. Qf2 Qf5 63. Qf3 Re1 64. Bb3 Qc8 65. Qd5 Qf8 66. Qd7
Re7 67. Qb5 Qa8+ 68. Qd5 Qa7 69. Kf3 Re8 70. Qd7 Re3+ 71. Kg4 Qxd7+ 72. Rxd7
Be1 73. Bxf7+ Kf8 74. f5 gxf5+ 75. Kxf5 Rxh3 76. Be6 Bc3 77. Rd8+ Ke7 78. Rd7+
Ke8 79. Rb7 Rh2 80. Bg8 h6 81. g6 Rg2 82. Bb3 Kd8 83. Bf7 Rg5+ 84. Kf4 Bd2+ 85.
Kf3 h5 86. Ke2 Bc3 87. Ke3 h4 88. Kf4 Rg1 89. Kf5 h3 90. Bd5 h2 91. Rh7 b3 92.
Rxh2 b2 93. Be4 Rf1+ 94. Kg5 Re1 95. Bd3 Rd1 96. Be4 Bd4 97. Rh7 Rg1+ 98. Kf5
Rf1+ 99. Kg4 Kc8 100. Re7 Bc5 101. Rf7 Rg1+ 102. Kf5 Bd4 103. Re7 Bc3 104. Rb7
Rf1+ 105. Kg5 Re1 106. Rb3 Bd4 107. Kf5 Kd7 108. Rb4 Rf1+ 109. Kg4 Be5 110. Bd3
Rf2 111. Rb6 Kc7 112. Rb5 Kd6 113. Rb6+ Kc5 114. Rb5+ Kd4 115. Bb1 Bf6 116. Kg3
Ke3 117. Rb3+ Ke2 118. Bd3+ Ke1 119. Kg4 Be5 120. Bb1 Rf4+ 121. Kg5 Rf1 122.
Be4 Kd2 123. Rd3+ Kc1 124. Rb3 Re1 125. Kf5 Bd4 126. Rb4 Bc3 127. Rb7 Rf1+ 128.
Ke6 Rf6+ 129. Kd5 Rf4 130. Rc7 Kd2 131. Rb7 Rf1 132. Kc4 Bf6 133. Rb3 Be5 134.
Rd3+ Kc1 135. Rb3 Rf8 136. Rb6 Rd8 137. Kb3 Rc8 138. Rb5 Rc3+ 139. Kb4 Bd4 140.
Rb7 Rc8 141. Ka3 Ra8+ 142. Kb3 b1=Q+ 143. Bxb1 Kxb1 144. Kc4+ Bb2 145. Rb6 Ka2
146. Kd3 Rd8+ 147. Ke4 Re8+ 148. Kf5 Rf8+ 149. Kg5 Bc1+ 150. Kh4 Rg8 151. Kg4
Rg7 152. Ra6+ Kb3 153. Rc6 Be3 154. Kf5 Kb4 155. Rc2 Kb5 156. Rb2+ Kc4 157. Re2
Bg1 158. Re4+ Kd5 159. Re5+ Kd6 160. Re6+ Kd7 161. Re4 Rg8 162. Kf6 Rf8+ 163.
Kg7 Rf3 164. Rg4 Bc5 165. Kg8 Kd6 166. g7 Be3 167. Rg6+ Ke7 168. Kh8 Rh3+ 169.
Kg8 Bd2 170. Rb6 Bc1 171. Rb7+ Kf6 172. Rb8 Rh2 173. Rb6+ Ke7 174. Rb7+ Ke6
175. Kf8 Rf2+ 176. Ke8 Rg2 177. Kf8 Ba3+ 178. Kg8 Rh2 179. Rb6+ Kd5 180. Kf7
Rf2+ 181. Rf6 Rxf6+ 182. Kxf6 Bb2+ 183. Kg6 Bxg7 {
Game drawn because neither player has mating material} 1/2-1/2

[Event "ICS Rated standard match"]
[Site "204.178.125.65"]
[Date "2000.10.08"]
[Round "?"]
[White "Hossa"]
[Black "Interceptor"]
[Result "0-1"]
[WhiteElo "2417"]
[BlackElo "2502"]
[PlyCount "108"]
[EventDate "2000.??.??"]

1. e4 c5 2. Nc3 g6 3. Bc4 Nc6 4. Nf3 Bg7 5. O-O Na5 6. Bb5 a6 7. Be2 Nc6 8. d3
d6 9. Bf4 Nf6 10. Qc1 O-O 11. Re1 Be6 12. Bh6 Bxh6 13. Qxh6 Nd4 14. Nxd4 cxd4
15. Nd1 Qa5 16. c3 Rac8 17. Rf1 Qa4 18. Bf3 dxc3 19. Nxc3 Qc2 20. Rab1 Qxd3 21.
Rfd1 Qc4 22. Rbc1 Qb4 23. Rc2 b5 24. a3 Qc5 25. b4 Qe5 26. Nd5 Bxd5 27. Rxc8
Rxc8 28. exd5 Rc3 29. Qd2 Rxa3 30. h3 Rb3 31. Qa2 Rxb4 32. Qxa6 Kg7 33. Qa5 Rb2
34. Qa7 b4 35. Qc7 b3 36. Qb7 Ne4 37. Bxe4 Qxe4 38. Qa7 Rb1 39. Rxb1 Qxb1+ 40.
Kh2 Qc1 41. Qxe7 Qf4+ 42. Kg1 Qe5 43. Qb7 Qa1+ 44. Kh2 b2 45. Qe7 b1=Q 46. Qe3
Qh1+ 47. Kg3 Qag1 48. Qd4+ Kg8 49. Qe4 Qhh2+ 50. Kh4 Qxf2+ 51. Kg5 Qhxg2+ 52.
Qg4 f6+ 53. Kh6 Qd2+ 54. Qg5 Qgxg5# {Hossa checkmated} 0-1